000 00642nam a2200169 i 4500
001 162183
003 ES-MaACL
005 20250930063143.0
008 960201s1885 sp |||| |bspa d
100 1 _aPino, Francisco del,
_dfl. 1887
_9170149
245 1 0 _aDon Manuel Becerra
_b: apuntes biográficos /
_cpor Francisco del Pino...
260 _aMadrid :
_b[s.n.],
_c1885 (
_fEst. tip. "Sucesores de Rivadeneyra")
300 _aXV, 190 p. ;
_c22 cm.
600 1 4 _aBecerra, Manuel,
_d1823-1896
_926880
852 _aES-MaACL
_jT-466-F-9
_z- Enc. hol.
_q- Falto de cub. original
_z- Enc. en un vol. facticio
999 _c162183
_d162183